[Event "Oakham Young Masters"]
[Site "Oakham"]
[Date "1984.04.09"]
[Round "2.3"]
[White "Gudmundsson, Elvar"]
[Black "Georgiev, Kiril"]
[Result "1/2-1/2"]
[WhiteElo "2330"]
[BlackElo "2430"]
[PlyCount "51"]
[EventDate "1984.04.08"]
[EventType "swiss"]
[EventRounds "9"]
[EventCountry "ENG"]
[SourceTitle "BritBase"]
[Source "John Saunders"]
[SourceDate "2023.08.08"]
[SourceVersion "1"]
[SourceVersionDate "2023.08.08"]
[SourceQuality "1"]

1. d4 Nf6 2. c4 e6 3. Nc3 Bb4 4. Qc2 c5 5. dxc5 O-O 6. a3 Bxc5 7. Bf4 Nc6 8.
Nf3 b6 9. e3 Bb7 10. Rd1 Rc8 11. Bd3 h6 12. h3 Be7 13. O-O Na5 14. Nd2 Ba6 15.
Qa4 d5 16. Nb5 Qe8 17. cxd5 Nxd5 18. Nb3 Nxf4 19. exf4 Rd8 20. Be2 Rd5 21. Rxd5
exd5 22. Nxa5 bxa5 23. Qxa5 Bd8 24. Qxa6 Qxe2 25. Nc7 Qe4 26. Qc6 {source:
bulletin} 1/2-1/2

[Event "Oakham Young Masters"]
[Site "Oakham"]
[Date "1984.04.09"]
[Round "2.4"]
[White "Horvath, Jozsef"]
[Black "Murshed, Niaz"]
[Result "0-1"]
[WhiteElo "2370"]
[BlackElo "2410"]
[PlyCount "80"]
[EventDate "1984.04.08"]
[EventType "swiss"]
[EventRounds "9"]
[EventCountry "ENG"]
[SourceTitle "BritBase"]
[Source "John Saunders"]
[SourceDate "2023.08.08"]
[SourceVersion "1"]
[SourceVersionDate "2023.08.08"]
[SourceQuality "1"]

1. e4 c5 2. Nf3 Nc6 3. d4 cxd4 4. Nxd4 e6 5. Nb5 d6 6. c4 Nf6 7. N1c3 a6 8. Na3
Be7 9. Be2 b6 10. O-O Bb7 11. Nc2 Ne5 12. f3 O-O 13. Ne3 Re8 14. Kh1 Ng6 15.
Bd3 Nh5 16. Bc2 Rc8 17. Bd2 Bg5 18. g3 Bxe3 19. Bxe3 Rxc4 20. Qe2 Rc6 21. Rad1
Nf6 22. Rd4 Qc8 23. Rfd1 d5 24. R4d2 Rxc3 25. bxc3 dxe4 26. f4 Nd5 27. Qf2 Nxc3
28. Re1 Ne7 29. Kg1 Qc6 30. Bb3 b5 31. h3 a5 32. a3 Nf5 33. Kh2 a4 34. Bc2 Nd6
35. Rd4 f5 36. g4 Nc4 37. gxf5 exf5 38. Rg1 Nd5 39. Rxd5 Qxd5 40. Bd4 g6 {
source: bulletin} 0-1

[Event "Oakham Young Masters"]
[Site "Oakham"]
[Date "1984.04.09"]
[Round "2.5"]
[White "Cramling, Pia"]
[Black "Gallagher, Joseph G"]
[Result "0-1"]
[WhiteElo "2405"]
[BlackElo "2260"]
[Annotator "Nunn, John"]
[PlyCount "52"]
[EventDate "1984.04.08"]
[EventType "swiss"]
[EventRounds "9"]
[EventCountry "ENG"]
[SourceTitle "BritBase"]
[Source "John Saunders"]
[SourceDate "2023.08.08"]
[SourceVersion "1"]
[SourceVersionDate "2023.08.08"]
[SourceQuality "1"]

1. e4 c5 2. Nf3 d6 3. d4 cxd4 4. Nxd4 Nf6 5. Nc3 a6 6. f4 e5 7. Nf3 Nbd7 8. a4
Be7 9. Bd3 (9. Bc4 {is now out of fashion because of} O-O 10. O-O exf4 11. Bxf4
Qb6+ 12. Qd4 d5 $1 {with equality - John Nunn, BCM, June 1984, p232}) 9... O-O
10. O-O Qc7 (10... exf4 11. Bxf4 Qb6+ 12. Kh1 Qxb2 13. Qe1 {is thought
dangerous for Black, e.g.} Qb4 14. Rb1 Qc5 15. Nd5 $1 Nxd5 16. exd5 {with a
strong attack - John Nunn, BCM, June 1984, p232}) (10... Nc5 11. Qe2 exf4 12.
Bxf4 d5 13. Nxd5 Nxd5 14. exd5 Bf6 15. Rad1 Re8 16. Qd2 Nxa4 17. Ng5 Qb6+ 18.
Kh1 Bxg5 19. Bxg5 f6 20. Bxf6 gxf6 21. Qh6 Qc7 (21... f5 22. d6) 22. Rf3 Re5 (
22... Kh8 23. Rg3 Qe7 24. d6 Qe1+ 25. Bf1) 23. Rxf6 Bg4 24. Rdf1 {1-0 (24)
Nunn,J (2600)-Bouaziz,S Reggio Emilia 1984; BCM, March 1984, p94}) 11. Nh4 g6
12. f5 d5 {(Essential to prevent White's automatic K-side attack crashing
through)} 13. exd5 Nxd5 ({Gallagher's innovation, which he had used before:} 
13... e4 14. Be2 Bd6 15. g3 b6 16. Be3 ({As Pia Cramling pointed out after the
game, White should try} 16. Ng2 {followed by Bh6 and Ne3 supporting the pawns
at d5 and f5 - John Nunn, BCM, June 1984, p233}) 16... Bb7 17. Qd2 {½-½, Sax,
G (2570)-Andersson,U (2590) London 1980}) 14. Nxd5 Qc5+ 15. Be3 Qxd5 16. fxg6
hxg6 (16... Bxh4 {loses to} 17. g7) 17. Nxg6 $2 ({White could have won by} 17.
Qg4 $1 {and now} Nf6 ({or} 17... Bc5 18. Nxg6 Bxe3+ 19. Kh1 Qe6 20. Bf5) 18.
Nxg6 Bxg4 19. Nxe7+ Kg7 20. Bh6+ $1) 17... fxg6 18. Qg4 Rxf1+ 19. Rxf1 Nf8 $1 {
(The move White had missed)} 20. Qg3 Bc5 21. Bxc5 Qxc5+ 22. Kh1 Kg7 23. Qg5 Qd6
24. h4 Nh7 25. Qg3 Bd7 26. Re1 Rh8 {Sources: bulletin; John Nunn, BCM, June
1984, p232} 0-1

[Event "Oakham Young Masters"]
[Site "Oakham"]
[Date "1984.04.09"]
[Round "2.6"]
[White "Wong, Meng Kong"]
[Black "Short, Nigel D"]
[Result "1/2-1/2"]
[WhiteElo "2365"]
[BlackElo "2500"]
[PlyCount "96"]
[EventDate "1984.04.08"]
[EventType "swiss"]
[EventRounds "9"]
[EventCountry "ENG"]
[SourceTitle "BritBase"]
[Source "John Saunders"]
[SourceDate "2023.08.08"]
[SourceVersion "1"]
[SourceVersionDate "2023.08.08"]
[SourceQuality "1"]

1. e4 e6 2. b3 $5 {A specialty of Leslie Leow, Wong Meng Kong's compatriot.} d5
3. Bb2 dxe4 4. Nc3 Nf6 5. Qe2 Bb4 6. O-O-O Qe7 7. Nxe4 (7. g4 $5 {is a more
aggressive approach.}) 7... Ba3 8. Nf3 Nbd7 9. d4 a5 10. Nxf6+ Nxf6 11. Ne5 O-O
12. c4 a4 13. Bxa3 Qxa3+ 14. Qb2 axb3 15. axb3 Qe7 16. Be2 Ne4 17. Bf3 Qg5+ 18.
Kb1 Qf5 19. Nd3 {Diagram [#]} Bd7 (19... b5 $1 {would have given Black a
strong attack:} 20. c5 Bb7 21. Qc2 b4 $1) 20. Bxe4 Qxe4 21. f3 Qf5 22. Qd2 c5 (
22... b5 {was, once again, the stronger path.}) 23. Qf4 Qg6 24. Qg3 cxd4 25.
Qxg6 hxg6 26. Ne5 Rfd8 27. Rxd4 Be8 28. Rhd1 Rxd4 29. Rxd4 g5 30. Kb2 Kf8 31.
Nd7+ Ke7 32. Nb6 Rd8 33. Kc3 f6 34. b4 Rxd4 35. Kxd4 Kd6 36. c5+ Kc7 37. Kc4
Bg6 38. Na4 Bf7 39. b5 e5+ 40. Kb4 Be6 41. h3 Bf5 42. Kc3 e4 43. fxe4 Bxe4 44.
g3 Bg2 45. h4 gxh4 46. gxh4 Kd7 47. c6+ bxc6 48. b6 Kc8 1/2-1/2

[Event "Oakham Young Masters"]
[Site "Oakham"]
[Date "1984.04.09"]
[Round "2.7"]
[White "Stohl, Igor"]
[Black "Thomson, Craig SM"]
[Result "1/2-1/2"]
[WhiteElo "2405"]
[BlackElo "2215"]
[PlyCount "59"]
[EventDate "1984.04.08"]
[EventType "swiss"]
[EventRounds "9"]
[EventCountry "ENG"]
[SourceTitle "BritBase"]
[Source "John Saunders"]
[SourceDate "2023.08.08"]
[SourceVersion "1"]
[SourceVersionDate "2023.08.08"]
[SourceQuality "1"]

1. Nf3 Nf6 2. c4 g6 3. d4 Bg7 4. Nc3 d5 5. cxd5 Nxd5 6. e4 Nxc3 7. bxc3 c5 8.
Rb1 Qa5 9. Rb5 Qxc3+ 10. Bd2 Qa3 11. Ra5 Qb2 12. Rxc5 O-O 13. Bc4 Bg4 14. d5
Bc3 15. Bd3 Bxf3 16. gxf3 Bxd2+ 17. Qxd2 Qf6 18. Be2 Na6 19. Rc1 Rac8 20. O-O
Nc5 21. Qe3 b6 22. e5 Qg7 23. f4 f6 24. Kh1 Qh6 25. Bc4 fxe5 26. d6+ Kh8 27.
dxe7 Rfe8 28. Qxe5+ Qg7 29. Rce1 Qxe5 30. Rxe5 {source: bulletin} 1/2-1/2

[Event "Oakham Young Masters"]
[Site "Oakham"]
[Date "1984.04.09"]
[Round "2.8"]
[White "King, Daniel John"]
[Black "Ostenstad, Berge"]
[Result "1-0"]
[WhiteElo "2435"]
[BlackElo "2310"]
[PlyCount "81"]
[EventDate "1984.04.08"]
[EventType "swiss"]
[EventRounds "9"]
[EventCountry "ENG"]
[SourceTitle "BritBase"]
[Source "John Saunders"]
[SourceDate "2023.08.08"]
[SourceVersion "1"]
[SourceVersionDate "2023.08.08"]
[SourceQuality "1"]

1. Nf3 Nf6 2. c4 e6 3. Nc3 c5 4. g3 Nc6 5. Bg2 d5 6. cxd5 Nxd5 7. O-O Be7 8. d4
O-O 9. e4 Ndb4 10. dxc5 Nd3 11. Qe2 Nxc5 12. Rd1 Qa5 13. Bd2 Qa6 14. Qxa6 bxa6
15. e5 Rb8 16. b3 h6 17. Be3 Nd7 18. Rac1 Ndxe5 19. Nxe5 Nxe5 20. Bxa7 Rb4 21.
Bd4 Ng4 22. Ne4 f5 23. Bc5 Bxc5 24. Nxc5 a5 25. Rd6 e5 26. Nd3 Rd4 27. Rxd4
exd4 28. Rc5 a4 29. bxa4 Nf6 30. a5 Ne4 31. Rd5 Nc3 32. Rd6 Rf6 33. Rd8+ Rf8
34. Rd6 Rf6 35. Rxf6 gxf6 36. Nc5 Kf8 37. Bf1 Ke7 38. a6 Nd5 39. a7 Nc7 40. Bg2
Kd6 41. Nb3 {source: bulletin} 1-0

[Event "Oakham Young Masters"]
[Site "Oakham"]
[Date "1984.04.09"]
[Round "2.9"]
[White "Hjorth, Greg"]
[Black "Hofmann, Michael"]
[Result "0-1"]
[WhiteElo "2415"]
[BlackElo "2230"]
[PlyCount "70"]
[EventDate "1984.04.08"]
[EventType "swiss"]
[EventRounds "9"]
[EventCountry "ENG"]
[SourceTitle "BritBase"]
[Source "John Saunders"]
[SourceDate "2023.08.08"]
[SourceVersion "1"]
[SourceVersionDate "2023.08.08"]
[SourceQuality "1"]

1. Nf3 d5 2. c4 e6 3. g3 Nf6 4. Bg2 Be7 5. O-O O-O 6. d4 Nbd7 7. b3 c6 8. Bb2
b6 9. Nc3 Ba6 10. Re1 Rc8 11. e4 dxc4 12. Nd2 c5 13. d5 Ne5 14. bxc4 Nd3 15.
Qc2 Nxe1 16. Rxe1 e5 17. Qa4 Bb7 18. Qxa7 Ne8 19. Bh3 Rb8 20. Na4 Ra8 21. Qxb7
Rxa4 22. Bxe5 Rxa2 23. Nf3 f6 24. Bf4 Nd6 25. Qc6 Kh8 26. e5 fxe5 27. Nxe5 g5
28. Be3 Nf5 29. Bxf5 Rxf5 30. g4 Rxe5 31. Bd4 cxd4 32. Rxe5 d3 33. Re1 Qf8 34.
Rf1 Rxf2 35. Rxf2 Bc5 {source: bulletin} 0-1

[Event "Oakham Young Masters"]
[Site "Oakham"]
[Date "1984.04.09"]
[Round "2.10"]
[White "Levitt, Jonathan P"]
[Black "Staniszewski, Piotr"]
[Result "1-0"]
[WhiteElo "2345"]
[BlackElo "2405"]
[PlyCount "57"]
[EventDate "1984.04.08"]
[EventType "swiss"]
[EventRounds "9"]
[EventCountry "ENG"]
[SourceTitle "BritBase"]
[Source "John Saunders"]
[SourceDate "2023.08.08"]
[SourceVersion "1"]
[SourceVersionDate "2023.08.08"]
[SourceQuality "1"]

1. d4 Nf6 2. c4 e6 3. Nc3 Bb4 4. e3 O-O 5. Bd3 c5 6. Nge2 d5 7. a3 Bxc3+ 8.
bxc3 dxc4 9. Bxc4 Nc6 10. Ba2 b6 11. Qd3 e5 12. O-O e4 13. Qb5 Bd7 14. Qb2 Rc8
15. Bd2 Na5 16. c4 cxd4 17. Bxa5 d3 18. Bc3 dxe2 19. Qxe2 Ba4 20. Qb2 Rc6 21.
Rac1 Qd7 22. Bd4 Ng4 23. f3 exf3 24. Rxf3 Rg6 25. Rg3 h5 26. Bb1 f5 27. Rf1 Bc6
28. h3 h4 $4 29. Rxg4 {source: bulletin} 1-0

[Event "Oakham Young Masters"]
[Site "Oakham"]
[Date "1984.04.09"]
[Round "2.12"]
[White "Ardaman, Miles"]
[Black "Hawksworth, John C"]
[Result "0-1"]
[WhiteElo "2240"]
[BlackElo "2355"]
[PlyCount "74"]
[EventDate "1984.04.08"]
[EventType "swiss"]
[EventRounds "9"]
[EventCountry "ENG"]
[SourceTitle "BritBase"]
[Source "John Saunders"]
[SourceDate "2023.08.08"]
[SourceVersion "1"]
[SourceVersionDate "2023.08.08"]
[SourceQuality "1"]

1. Nf3 Nf6 2. g3 d5 3. Bg2 e6 4. O-O Be7 5. d3 O-O 6. Nbd2 c5 7. b3 Nc6 8. Bb2
b6 9. e4 Bb7 10. e5 Nd7 11. Qe2 Qc7 12. h4 Rae8 13. Bh3 d4 14. Rae1 Nb4 15. a3
Nd5 16. h5 Nc3 17. Bxc3 dxc3 18. Nb1 Bxf3 19. Qxf3 Nxe5 20. Qe3 Nc6 21. Nxc3
Nd4 22. Rc1 f5 23. h6 Bg5 24. f4 Bxh6 25. Qf2 e5 26. Bg2 exf4 27. gxf4 Qd6 28.
Qd2 Re7 29. Rf2 Rfe8 30. b4 cxb4 31. axb4 Qxb4 32. Nd5 Qxd2 33. Rxd2 Ne2+ 34.
Kf2 Nxc1 35. Nxe7+ Rxe7 36. Rd1 Re2+ 37. Kf3 Rxc2 {source: bulletin} 0-1

[Event "Oakham Young Masters"]
[Site "Oakham"]
[Date "1984.04.09"]
[Round "2.15"]
[White "Wells, Peter K"]
[Black "Lalic, Susan Kathryn"]
[Result "1-0"]
[WhiteElo "2320"]
[BlackElo "1900"]
[PlyCount "43"]
[EventDate "1984.04.08"]
[EventType "swiss"]
[EventRounds "9"]
[EventCountry "ENG"]
[SourceTitle "BritBase"]
[Source "John Saunders"]
[SourceDate "2023.08.08"]
[SourceVersion "1"]
[SourceVersionDate "2023.08.08"]
[SourceQuality "1"]

1. d4 e6 2. Nf3 f5 3. g3 Nf6 4. Bg2 d5 5. O-O Bd6 6. c4 c6 7. b3 Nbd7 8. Ba3
Bxa3 9. Nxa3 Qe7 10. Qc1 Ne4 11. Nc2 O-O 12. Nce1 dxc4 13. Qxc4 g5 14. Rd1 g4
15. Ne5 Nd6 16. Qb4 Nf6 17. N1d3 Nd5 18. Qd2 Bd7 19. Nc5 Be8 20. e4 fxe4 21.
Nxg4 Bg6 22. Rde1 {source: bulletin} 1-0

[Event "Oakham Young Masters"]
[Site "Oakham"]
[Date "1984.04.09"]
[Round "2.16"]
[White "Kozul, Zdenko"]
[Black "Conquest, Stuart C"]
[Result "0-1"]
[WhiteElo "2405"]
[BlackElo "2260"]
[PlyCount "74"]
[EventDate "1984.04.08"]
[EventType "swiss"]
[EventRounds "9"]
[EventCountry "ENG"]
[SourceTitle "BritBase"]
[Source "John Saunders"]
[SourceDate "2023.08.08"]
[SourceVersion "1"]
[SourceVersionDate "2023.08.08"]
[SourceQuality "1"]

1. d4 Nf6 2. Nf3 d5 3. Bf4 g6 4. e3 Bg7 5. Be2 c5 6. O-O O-O 7. c3 Ne4 8. Nbd2
Nxd2 9. Qxd2 Nd7 10. Rad1 Qb6 11. Be5 Nxe5 12. Nxe5 Qa5 13. b4 cxb4 14. cxb4
Qb6 15. Rc1 a5 16. b5 Rd8 17. a4 f6 18. Nd3 e5 19. Qc3 e4 20. Nc5 Qd6 21. Qb3
f5 22. b6 Kh8 23. f4 exf3 24. Rxf3 g5 25. Kh1 f4 26. exf4 g4 27. Rd3 Re8 28.
Re3 Bf5 29. Re5 Bxe5 30. dxe5 Qh6 31. g3 d4 32. Bb5 Rxe5 33. Qb2 Rd5 34. Bc4
Rd6 35. Nxb7 Be4+ 36. Kg1 Bxb7 37. Bd3 Qe6 {source: bulletin} 0-1

[Event "Oakham Young Masters"]
[Site "Oakham"]
[Date "1984.04.09"]
[Round "2.18"]
[White "D'Amore, Carlo"]
[Black "Ebeling, Mika"]
[Result "1/2-1/2"]
[WhiteElo "2310"]
[BlackElo "2295"]
[PlyCount "82"]
[EventDate "1984.04.08"]
[EventType "swiss"]
[EventRounds "9"]
[EventCountry "ENG"]
[SourceTitle "BritBase"]
[Source "John Saunders"]
[SourceDate "2023.08.08"]
[SourceVersion "1"]
[SourceVersionDate "2023.08.08"]
[SourceQuality "1"]

1. Nf3 Nf6 2. g3 g6 3. Bg2 Bg7 4. O-O O-O 5. d3 d6 6. e4 e5 7. c3 Nc6 8. Nbd2
d5 9. exd5 Nxd5 10. Re1 Re8 11. Nc4 h6 12. d4 exd4 13. Rxe8+ Qxe8 14. Nxd4 Nxd4
15. cxd4 Be6 16. b3 Rd8 17. Bb2 c5 18. dxc5 Nc3 19. Qe1 Bxc4 20. bxc4 Ne2+ 21.
Kf1 Bxb2 22. Rb1 Nxg3+ 23. hxg3 Qxe1+ 24. Kxe1 Ba3 25. Rxb7 Re8+ 26. Kf1 Bxc5
27. Bd5 Re7 28. Rb8+ Kg7 29. Rc8 Bd4 30. Bf3 Re5 31. Rc7 Bb6 32. Rd7 Rf5 33.
Kg2 h5 34. Rd2 Re5 35. Bd5 Re7 36. Kf3 Kf6 37. a4 Rc7 38. Ke4 g5 39. Ra2 Ba5
40. Kd4 Bb6+ 41. Kd3 Ba5 {source: bulletin} 1/2-1/2

[Event "Oakham Young Masters"]
[Site "Oakham"]
[Date "1984.04.09"]
[Round "2.20"]
[White "Needham, Teresa M"]
[Black "Gil Gonzalez, Jose Manuel"]
[Result "0-1"]
[WhiteElo "2100"]
[BlackElo "2300"]
[PlyCount "72"]
[EventDate "1984.04.08"]
[EventType "swiss"]
[EventRounds "9"]
[EventCountry "ENG"]
[SourceTitle "BritBase"]
[Source "John Saunders"]
[SourceDate "2023.08.08"]
[SourceVersion "1"]
[SourceVersionDate "2023.08.08"]
[SourceQuality "1"]

1. e4 e5 2. Nf3 Nc6 3. Bb5 a6 4. Bxc6 dxc6 5. O-O Bg4 6. h3 h5 7. d3 Qf6 8.
Nbd2 Bc5 9. Nc4 Bxf3 10. Qxf3 Qxf3 11. gxf3 f6 12. f4 exf4 13. Bxf4 O-O-O 14.
Rad1 Ne7 15. c3 b5 16. Na5 Bb6 17. Nb3 Ng6 18. Be3 Rhe8 19. Kg2 Ne5 20. Nc1
Bxe3 21. fxe3 c5 22. Kf2 c4 23. d4 Nf7 24. e5 fxe5 25. Kg3 Nd6 26. Kh4 exd4 27.
exd4 Re4+ 28. Kg5 Re3 29. Rh1 Rf8 30. Rdg1 Rf5+ 31. Kg6 Re6+ 32. Kh7 g5 33. Rf1
Rd5 34. Re1 Ne4 35. Kg8 Rd7 36. Rhf1 Re8+ {source: bulletin} 0-1

[Event "Oakham Young Masters"]
[Site "Oakham"]
[Date "1984.04.10"]
[Round "3.1"]
[White "Murshed, Niaz"]
[Black "Hawksworth, John C"]
[Result "1-0"]
[WhiteElo "2410"]
[BlackElo "2355"]
[PlyCount "79"]
[EventDate "1984.04.08"]
[EventType "swiss"]
[EventRounds "9"]
[EventCountry "ENG"]
[SourceTitle "BritBase"]
[Source "John Saunders"]
[SourceDate "2023.08.08"]
[SourceVersion "1"]
[SourceVersionDate "2023.08.08"]
[SourceQuality "1"]

1. d4 Nf6 2. Nf3 e6 3. c4 b6 4. a3 Bb7 5. Nc3 d5 6. cxd5 exd5 7. g3 Be7 8. Bg2
O-O 9. O-O Ne4 10. Bf4 Nd7 11. Rc1 Bd6 12. Bxd6 cxd6 13. Ne1 Ndf6 14. Na2 Ng4
15. h3 Nh6 16. Nc3 Rc8 17. Nd3 Qg5 18. Nf4 Nf5 19. e3 Nexg3 20. fxg3 Nxe3 21.
Qd3 Nxf1 22. Rxf1 Rfe8 23. h4 Qe7 24. Nfxd5 Bxd5 25. Bxd5 Rf8 26. Be4 g6 27.
Nd5 Qe6 28. Nf6+ Kg7 29. d5 Qe5 30. Nd7 Qxb2 31. Nxf8 Kxf8 32. Qf3 Rc7 33. h5
gxh5 34. Qf4 Qxa3 35. Qh6+ Ke8 36. Qg5 Qc5+ 37. Kh1 Re7 38. Qg8+ Kd7 39. Bf5+
Kc7 40. Qc8# {source: bulletin} 1-0

[Event "Oakham Young Masters"]
[Site "Oakham"]
[Date "1984.04.10"]
[Round "3.2"]
[White "Gallagher, Joseph G"]
[Black "Dlugy, Maxim"]
[Result "1/2-1/2"]
[WhiteElo "2260"]
[BlackElo "2460"]
[PlyCount "59"]
[EventDate "1984.04.08"]
[EventType "swiss"]
[EventRounds "9"]
[EventCountry "ENG"]
[SourceTitle "BritBase"]
[Source "John Saunders"]
[SourceDate "2023.08.08"]
[SourceVersion "1"]
[SourceVersionDate "2023.08.08"]
[SourceQuality "1"]

1. e4 c5 2. Nf3 Nc6 3. d4 cxd4 4. Nxd4 Nf6 5. Nc3 d6 6. Bg5 e6 7. Qd2 a6 8.
O-O-O h6 9. Bf4 Bd7 10. Nxc6 Bxc6 11. Qe1 Be7 12. h4 Qa5 13. Kb1 b5 14. Bxd6
Bxd6 15. Rxd6 Bxe4 16. Bd3 Bb7 17. Ne4 Qxe1+ 18. Rxe1 Ke7 19. Rb6 Ra7 20. Nxf6
gxf6 21. g3 Kd7 22. a4 Kc7 23. a5 Rd8 24. Be4 Bxe4 25. Rxe4 Rd6 26. Rf4 f5 27.
g4 Rxb6 28. axb6+ Kxb6 29. gxf5 e5 30. Re4 {source: bulletin} 1/2-1/2

[Event "Oakham Young Masters"]
[Site "Oakham"]
[Date "1984.04.10"]
[Round "3.3"]
[White "Short, Nigel D"]
[Black "Levitt, Jonathan P"]
[Result "1/2-1/2"]
[WhiteElo "2500"]
[BlackElo "2345"]
[PlyCount "101"]
[EventDate "1984.04.08"]
[EventType "swiss"]
[EventRounds "9"]
[EventCountry "ENG"]
[SourceTitle "BritBase"]
[Source "John Saunders"]
[SourceDate "2023.08.08"]
[SourceVersion "1"]
[SourceVersionDate "2023.08.08"]
[SourceQuality "1"]

1. e4 e6 2. d4 d5 3. Nd2 a6 4. Ngf3 c5 5. exd5 exd5 6. dxc5 Bxc5 7. Nb3 Ba7 8.
Bd3 Nc6 9. O-O Nf6 10. Re1+ Be6 11. Be3 Bxe3 12. Rxe3 O-O 13. h3 Qb6 14. c3
Rfe8 15. Re2 Bd7 {15th move repeated as move 16 in bulletin} 16. Nbd4 Rxe2 17.
Qxe2 Re8 18. Qc2 g6 19. Rd1 Kg7 20. Bf1 Qc7 21. Qc1 Qa5 22. a3 Qb6 23. Nc2 Ne5
24. Nxe5 Rxe5 25. Nd4 Re7 26. Rd2 Re8 27. Re2 Rxe2 28. Bxe2 h6 29. Qc2 Bc8 30.
Bf3 Qd6 31. Qd2 Qe5 32. Nc2 Bd7 33. Qd4 Qxd4 34. Nxd4 b6 35. Kf1 Kf8 36. Ke2
Ke7 37. Ke3 Kd6 38. Be2 a5 39. Bd3 Ne8 40. h4 Ng7 41. f4 Bf5 42. Be2 Be4 43. g3
f6 44. b4 Nf5+ 45. Nxf5+ Bxf5 46. Kd4 Be6 47. bxa5 bxa5 48. Bd3 g5 49. Bg6 Bd7
50. Bh5 Bb5 51. Bf3 {source: bulletin} 1/2-1/2

[Event "Oakham Young Masters"]
[Site "Oakham"]
[Date "1984.04.10"]
[Round "3.4"]
[White "Hodgson, Julian M"]
[Black "Gudmundsson, Elvar"]
[Result "0-1"]
[WhiteElo "2440"]
[BlackElo "2330"]
[Annotator "Nunn, John"]
[PlyCount "54"]
[EventDate "1984.04.08"]
[EventType "swiss"]
[EventRounds "9"]
[EventCountry "ENG"]
[SourceTitle "BritBase"]
[Source "John Saunders"]
[SourceDate "2023.08.08"]
[SourceVersion "1"]
[SourceVersionDate "2023.08.08"]
[SourceQuality "1"]

{Finally, a game which proves that 2 f4 against the Sicilian doesn’t always
win:} 1. e4 c5 2. f4 d5 3. exd5 Nf6 4. c4 e6 5. dxe6 Bxe6 6. Nf3 Nc6 7. Nc3 Be7
8. d3 O-O 9. Be2 Qc7 10. Ng5 Bf5 11. Nge4 Rad8 12. Nxf6+ Bxf6 13. Nd5 Qd6 14.
O-O Nb4 15. Nxb4 cxb4 16. a3 Rfe8 17. axb4 Qe7 18. Bf3 Bxd3 19. g3 Bxc4 20. Qc2
Bxf1 21. Kxf1 Qe1+ 22. Kg2 Rc8 23. Qa4 Re2+ 24. Bxe2 Qxe2+ 25. Kh3 Qf1+ 26. Kg4
h5+ 27. Kf5 Qd3# {Sources: bulletin; John Nunn, BCM, June 1984, p238} 0-1

[Event "Oakham Young Masters"]
[Site "Oakham"]
[Date "1984.04.10"]
[Round "3.5"]
[White "Luce, Sebastien"]
[Black "King, Daniel John"]
[Result "1/2-1/2"]
[WhiteElo "2330"]
[BlackElo "2435"]
[PlyCount "81"]
[EventDate "1984.04.08"]
[EventType "swiss"]
[EventRounds "9"]
[EventCountry "ENG"]
[SourceTitle "BritBase"]
[Source "John Saunders"]
[SourceDate "2023.08.08"]
[SourceVersion "1"]
[SourceVersionDate "2023.08.08"]
[SourceQuality "1"]

1. c4 e5 2. Nc3 Nf6 3. Nf3 Nc6 4. g3 Bb4 5. Nd5 e4 6. Nh4 O-O 7. Bh3 d6 8. Bxc8
Rxc8 9. O-O Nxd5 10. cxd5 Ne5 11. Ng2 c6 12. dxc6 bxc6 13. a3 Ba5 14. b4 Bb6
15. Bb2 Re8 16. Rc1 Qd7 17. Bxe5 dxe5 18. Rc4 f5 19. Qb3 Kh8 20. Qc2 Re6 21. b5
Rd6 22. Qc3 c5 23. Qxe5 Rd5 24. Qc3 Rxd2 25. Ne3 Rxe2 26. Rd1 Qxb5 27. Nxf5 Qb2
28. Qxb2 Rxb2 29. Nd6 Rf8 30. Nxe4 Rf3 31. a4 Rb4 32. Rdc1 h6 33. h4 Ra3 34.
Nxc5 Rxc4 35. Rxc4 Bxc5 36. Rxc5 Rxa4 37. h5 a5 38. Kg2 Ra1 39. g4 a4 40. Rc8+
Kh7 41. f4 {source: bulletin} 1/2-1/2

[Event "Oakham Young Masters"]
[Site "Oakham"]
[Date "1984.04.10"]
[Round "3.6"]
[White "Georgiev, Kiril"]
[Black "Condie, Mark L"]
[Result "1-0"]
[WhiteElo "2430"]
[BlackElo "2340"]
[PlyCount "125"]
[EventDate "1984.04.08"]
[EventType "swiss"]
[EventRounds "9"]
[EventCountry "ENG"]
[SourceTitle "BritBase"]
[Source "John Saunders"]
[SourceDate "2023.08.08"]
[SourceVersion "1"]
[SourceVersionDate "2023.08.08"]
[SourceQuality "1"]

1. c4 e6 2. Nc3 d5 3. d4 Nf6 4. Bg5 Nbd7 5. e3 Bb4 6. cxd5 exd5 7. Bd3 c5 8.
Nge2 b6 9. O-O Bb7 10. Bb5 O-O 11. Bxd7 Qxd7 12. Bxf6 gxf6 13. a3 Bxc3 14. Nxc3
Qf5 15. dxc5 bxc5 16. b4 d4 17. exd4 cxd4 18. Qxd4 Rfd8 19. Qh4 Rd3 20. Ne2 Rc8
21. Ng3 Qd5 22. f3 Qg5 23. Qxg5+ fxg5 24. Nf5 Kf8 25. Rfd1 Rd5 26. Rxd5 Bxd5
27. Rd1 Be6 28. Nd4 Ke7 29. Rd3 Rc1+ 30. Kf2 Bd7 31. g4 Rh1 32. Kg2 Rc1 33. Nb3
Rc2+ 34. Kg3 Ra2 35. Re3+ Kf6 36. Nc5 Bc6 37. h4 h6 38. h5 Ra1 39. Rc3 Ra2 40.
Nd3 Bb5 41. Nf2 a6 42. Ne4+ Kg7 43. f4 gxf4+ 44. Kxf4 Bd7 45. Rd3 Be6 46. Nc5
Bc4 47. Rg3 Re2 48. Rc3 Bb5 49. a4 Bc6 50. Ra3 Rf2+ 51. Ke5 Bf3 52. Nxa6 Bxg4
53. b5 Rb2 54. Nc5 Bd1 55. Rg3+ Kf8 56. Kd6 f5 57. Nd7+ Kf7 58. Ne5+ Kf8 59.
Ke6 Bb3+ 60. Kf6 f4 61. Rc3 Kg8 62. Rc8+ Kh7 63. Ng6 {source: bulletin} 1-0